Teorías del desarrollo nacional /

Պահպանված է:
Մատենագիտական մանրամասներ
Հիմնական հեղինակ: Portes, Alejandro compilador
Այլ հեղինակներ: Kincaid, A. Douglas (compilador)
Ձևաչափ: Անհայտ
Լեզու:Spanish
Հրապարակվել է: San José, Costa Rica: EDUCA, 1991
Ցուցիչներ: Ավելացրեք ցուցիչ
Չկան պիտակներ, Եղեք առաջինը, ով նշում է այս գրառումը!

MARC

LEADER 00000 a2200000 04500
003 cru CIDCACS/IIS
005 20200717062544.0
008 200716s1991 cr |||||r|||||||| ||spa|d
100 1 |a Portes, Alejandro  |d compilador  |9 6744 
999 |c 43254  |d 43254 
040 |c cru CIDCACS/IIS 
090 |a 10365.01-08 
245 1 |a Teorías del desarrollo nacional /   |c Alejandro Portes, A. Douglas Kincaid, compiladores 
260 |a San José, Costa Rica:  |b EDUCA,  |c 1991 
300 |a 334 páginas 
700 1 |a Kincaid, A. Douglas  |9 9433  |e compilador 
942 |2 ddc  |c LI